| 000 | 00595nam a22001817a 4500 | ||
|---|---|---|---|
| 020 | _qHard Cover. | ||
| 082 | _a330 | ||
| 100 | _aM. Umar Farooq : Muneeb Aamir : Rohan Dev Jeevan | ||
| 245 |
_aEntrepreneurship or Escapism / _cM. Farooq, Umar : Aamir, Muneeb : Dev Jeevan, Rohan |
||
| 260 |
_aIslamabad: _bS3H-NUST, _c2021. |
||
| 300 |
_a44 p. : _bill. ; _c30cm. |
||
| 563 | _aHB | ||
| 650 | _aBS-Economics | ||
| 700 |
_aDr. Faryal Qayum _927431 |
||
| 856 | _uhttp://10.250.8.41:8080/xmlui/handle/123456789/24495 | ||
| 942 |
_2ddc _cPR |
||
| 999 |
_c566130 _d566130 |
||